00763nam a22001937a 4500999001900000005001700019010001500036020002600051035001400077037001600091082001600107100001600123245005300139260003900192270011800231300006400349942003000413952012600443 c191610d19161020220830143830.0 aENG-134783 c495.00a9789382281009 aEN-118315 bDBAD/PUBa- a303.3720954 aAli, Ashraf aJudicial Response to Social Justice/cAshraf Ali aNew DelhibRaj Publicastionsc2012 aRaj Publications 108, 4855/24 Ansari Road daryaganjbNew Delhie110002k011-23250939mrajpublications@yahoo.co.in a169p.bBibliography, Abbreviations,table of casesc22cm(hb) 2ddccENh303.3720954mALI 001040708NFICaAVbAVd2022-08-30eDBAD/PUBg495.00l0o303.3720954 ALIpEN-118315r2022-08-30 00:00:00t1v495.00yEN